Hanna-Barbera Christmas Tree Decoration Quiz Stats

 Plays Quiz not verified by Sporcle

Score 0/10 Timer 02:00
0 Plays Today
% Correct
Scooby-Doo
97.4%
Yogi Bear
96.2%
Fred Flintstone
95.9%
Barney Rubble
94.2%
Wilma Flintstone
93.9%
Scrappy-Doo
80.8%
Huckleberry Hound
72.9%
Top Cat
71.1%
Quick Draw McGraw
59.8%
Augie Doggy
31.2%

You're not logged in!

Compare scores with friends on all Sporcle quizzes.
OR
Log In

Show Comments

Extras

Top Quizzes Today


Score Distribution

Your Account Isn't Verified!

In order to create a playlist on Sporcle, you need to verify the email address you used during registration. Go to your Sporcle Settings to finish the process.

Report this User

Report this user for behavior that violates our Community Guidelines.

Details: